| 000 | 02627cam a22002054a 4500 | ||
|---|---|---|---|
| 005 | 20250605163240.0 | ||
| 008 | 250528s ||||||||||||||||||||||||d | ||
| 035 | _a15311 | ||
| 020 | _a9603430951 | ||
| 040 |
_aGR-AtMCL _bgre _dGR-AtMCL _eAACR2 |
||
| 245 | 1 | _aΠροϋπολογισμοί Budgeting για τη Λήψη Επιχειρηματικών Αποφάσεων / Ταμειακοί Προυπολογισμοί - Προϋπολογισμοί Αγορών - Προϋπολογισμοί Πωλήσεων - Προϋπολογισμοί Γενικών Εξόδων - Προϋπολογισμοί Παραγωγής - Pro Forma Αποτελέσματα Χρήσης - Pro Forma Κατάσταση Πηγών και Διάθεσης Κεφαλαίων. | |
| 260 |
_bΑδελφών Κυριακίδη Α.Ε, _c1993 |
||
| 300 | _a320 | ||
| 505 | 0 | _aΓενικές Αρχές Προυπολογισμών, Ο Προϋπολογισμός Πωλήσεων (Sales Budget), Προϋπολογισμοί Παραγωγής, Προϋπολογισμοί Αγορών Πρώτων Υλών, Προϋπολογισμοί Άμεσης Εργασίας, Ταμειακός Προϋπολογισμός, Προσωπικοί Ταμειακοί Προϋπολογισμοί, Προϋπολογισμοί μη Κερδοσκοπικών Οργανισμών, Προϋπολογισμένες Χρηματοοικονομικές Καταστάσεις, Ελαστικοί Προϋπολογισμοί (Elexible Budgets), Διάφοροι Προϋπολογισμοί, Προϋπολογισμός Μηδενικής Βάσης (Zero-Base Budgeting), Ασκήσεις για Λύση. | |
| 520 | _aΓενικές Αρχές Προυπολογισμών, Ο Προϋπολογισμός Πωλήσεων (Sales Budget), Προϋπολογισμοί Παραγωγής, Προϋπολογισμοί Αγορών Πρώτων Υλών, Προϋπολογισμοί Άμεσης Εργασίας, Ταμειακός Προϋπολογισμός, Προσωπικοί Ταμειακοί Προϋπολογισμοί, Προϋπολογισμοί μη Κερδοσκοπικών Οργανισμών, Προϋπολογισμένες Χρηματοοικονομικές Καταστάσεις, Ελαστικοί Προϋπολογισμοί (Elexible Budgets), Διάφοροι Προϋπολογισμοί, Προϋπολογισμός Μηδενικής Βάσης (Zero-Base Budgeting), Ασκήσεις για Λύση. | ||
| 700 | 1 | _aΤσακλαγκάνος Άγγελος Α | |
| 942 | _cBK | ||
| 999 |
_c901 _d901 |
||